00495 a2200181 450000100060000002000150000604000240002110000210004524000330006624500280009930000070012736200090013444000110014365000310015494200070018595201040019299900170029670789 a8526003178 cAnchieta - Itaigara aCarrasco, Walcyr10aCadè‚ meu super-heroi?lpor10aCadè‚ meu super-heroi? a610 a2002 1aGlobal 4aLiteratura infanto-juvenil cBK 00104070a88.1b88.1d2023-11-21l0o028.5 CAR CADp4516/ITAr2023-11-21 20:05:55w2023-11-21yBK c70789d70789